[Event "Fast Standard for New Members"]
[Site "SchemingMind.com"]
[Date "2006.09.01"]
[Round "-"]
[White "Lee Shuck"]
[Black "nosran"]
[Result "0-1"]
[WhiteCountry "ENG"]
[BlackCountry "PHI"]
[WhiteElo "1228"]
[WhiteRD "70"]
[BlackElo "1707"]
[BlackRD "192"]
[GameID "66261"]

1. d4 d5 2. Nc3 c6 3. Be3 Nf6 4. g3 e6 5. Bg5 Be7 6. Bg2 Nbd7 7. Nf3 O-O 8. h4 Qa5 9. O-O h6 10. Bd2 b5
11. a4 b4 12. Na2 Qb6 13. e3 a5 14. c3 Ne4 15. Be1 Ndf6 16. Ne5 Ba6 17. c4 dxc4 18. Qc1 c3 19. f4 Bxf1 20. Kxf1 Rac8
21. Kg1 cxb2 22. Qxb2 c5 23. Nc4 Qa7 24. Nd2 c4 25. Nf3 c3 26. Qb3 Qa6 27. Bf1 Qa7 28. Rc1 Ng4 29. Bd3 Nd6 30. Ne5 Nxe3
31. Bf2 Ndf5 32. h5 Qb7 33. Re1 Qg2#
0-1

[Event "Fast Standard for New Members"]
[Site "SchemingMind.com"]
[Date "2006.09.04"]
[Round "-"]
[White "nosran"]
[Black "Lee Shuck"]
[Result "1-0"]
[WhiteCountry "PHI"]
[BlackCountry "ENG"]
[WhiteElo "1747"]
[WhiteRD "255"]
[BlackElo "1298"]
[BlackRD "102"]
[GameID "66263"]

1. d4 d5 2. e3 Nf6 3. Bd3 h5 4. Nd2 c6 5. f4 Qa5 6. c3 Bg4 7. Ngf3 e6 8. O-O Bd6 9. Qc2 O-O 10. Ne5 Na6
11. Ndf3 c5 12. Qf2 c4 13. Bc2 b5 14. h3 Qb6 15. hxg4 hxg4 16. Nh2 Nc7 17. Qh4 Rac8 18. Nd7 Nxd7 19. Qh7#
1-0

[Event "Fast Standard for New Members"]
[Site "SchemingMind.com"]
[Date "2006.09.02"]
[Round "-"]
[White "Delf Groth"]
[Black "nosran"]
[Result "1-0"]
[WhiteCountry "GER"]
[BlackCountry "PHI"]
[WhiteElo "1708"]
[WhiteRD "141"]
[BlackElo "1707"]
[BlackRD "192"]
[GameID "66326"]

1. e4 c5 2. Nc3 d6 3. g3 Nc6 4. Bg2 Nf6 5. f4 e6 6. Nf3 a6 7. O-O Be7 8. d3 Qc7 9. Kh1 O-O 10. h3 b5
11. g4 Bb7 12. g5 Nh5 13. Qe1 g6 14. f5 exf5 15. exf5 Ne5 16. f6 Bd8 17. Nxe5 Bxg2+ 18. Kxg2 dxe5 19. Qe4 Rc8 20. Nd5 Qd6
21. Bd2 Re8 22. c4 Bc7 23. Ne7+ Rxe7 24. fxe7 Qxe7 25. Qb7 Qe6 26. b3 Ng7 27. Rf6 Qd7 28. Qxa6 bxc4 29. Qxc4 Ne6 30. Raf1 Bd8
31. Rxf7 Qc6+ 32. Kg1 Kh8 33. Rf8+
1-0

[Event "Fast Standard for New Members"]
[Site "SchemingMind.com"]
[Date "2006.09.02"]
[Round "-"]
[White "Delf Groth"]
[Black "Lee Shuck"]
[Result "1-0"]
[WhiteCountry "GER"]
[BlackCountry "ENG"]
[WhiteElo "1740"]
[WhiteRD "174"]
[BlackElo "1298"]
[BlackRD "102"]
[GameID "66328"]

1. g3 g6 2. Bg2 Bg7 3. Nf3 f5 4. c4 b6 5. d4 Ba6 6. Nbd2 Nh6 7. O-O O-O 8. Qb3 e6 9. Ne5 Nc6 10. Nxc6 dxc6
11. Bxc6 Rb8 12. d5 exd5 13. Bxd5+ Kh8 14. Qa3 b5 15. Qxa6 Bd4 16. Nf3 Rf6 17. Qa3 Qf8 18. Qxf8+ Rfxf8 19. Bxh6 Rfd8 20. Nxd4 bxc4
21. Bxc4 Rxd4 22. b3 f4 23. Bg5 Rf8 24. Rad1 Re4 25. Rd8 Rxd8 26. Bf6#
1-0

[Event "Fast Standard for New Members"]
[Site "SchemingMind.com"]
[Date "2006.09.02"]
[Round "-"]
[White "Lee Shuck"]
[Black "Delf Groth"]
[Result "0-1"]
[WhiteCountry "ENG"]
[BlackCountry "GER"]
[WhiteElo "1298"]
[WhiteRD "102"]
[BlackElo "1740"]
[BlackRD "174"]
[GameID "66331"]

1. Nc3 d5 2. g3 Nf6 3. Bh3 Bxh3 4. Nxh3 e5 5. O-O Bb4 6. Nb1 O-O 7. c3 Bd6 8. d3 Qd7 9. Ng5 h6 10. Nf3 c5
11. e4 dxe4 12. dxe4 Nxe4 13. Re1 Nf6 14. Nxe5 Bxe5 15. Rxe5 Qxd1+ 16. Kg2 Qxc1 17. Rxc5 Qxb2
0-1

[Event "Fast Standard for New Members"]
[Site "SchemingMind.com"]
[Date "2006.09.02"]
[Round "-"]
[White "eg1950"]
[Black "Delf Groth"]
[Result "1/2-1/2"]
[WhiteCountry "ENG"]
[BlackCountry "GER"]
[WhiteElo "1751"]
[WhiteRD "94"]
[BlackElo "1706"]
[BlackRD "135"]
[GameID "66365"]

1. e4 d5 2. exd5 Nf6 3. Nc3 Nxd5 4. Nxd5 Qxd5 5. Nf3 Bg4 6. h3 Bxf3 7. Qxf3 Qxf3 8. gxf3 Nd7 9. d4 e6 10. Bf4 O-O-O
11. O-O-O Bd6 12. Bxd6 cxd6 13. Bd3 d5 14. Rhg1 g6 15. c4 dxc4 16. Bxc4 Nb6 17. Bb3 Rd6 18. Rd2 Rhd8 19. Rgd1 a5 20. a3 a4
21. Ba2 Rc6+ 22. Rc2 Rxc2+ 23. Kxc2 Rd7 24. Kb1 Nd5 25. Bxd5 Rxd5 26. Rd3 Rh5 27. f4 Rf5 28. Rf3 Kd7 29. Kc2 g5 30. Rg3 gxf4
31. Rg7 h5 32. h4 Kd6 33. Kc3 Kd5 34. Kd3 b5 35. f3= f6 36. Rc7 Kd6 37. Rb7 Kc6=
1/2-1/2

[Event "Fast Standard for New Members"]
[Site "SchemingMind.com"]
[Date "2006.09.02"]
[Round "-"]
[White "eg1950"]
[Black "nosran"]
[Result "1-0"]
[WhiteCountry "ENG"]
[BlackCountry "PHI"]
[WhiteElo "1751"]
[WhiteRD "94"]
[BlackElo "1411"]
[BlackRD "143"]
[GameID "66366"]

1. e4 c5 2. Nf3 d6 3. Nc3 Nf6 4. Bc4 e6 5. d3 Nc6 6. Bg5 Be7 7. Bb5 Bd7 8. a3 O-O 9. O-O a6 10. Bxc6 Bxc6
11. Re1 Rc8 12. h3 b5 13. Qd2 Qc7 14. e5 dxe5 15. Nxe5 Bb7 16. Rad1 Nd5 17. Bxe7 Qxe7 18. Nxd5 Bxd5 19. c4 Bb7 20. Re3 Rfd8
21. cxb5 axb5 22. Rc1 Qg5 23. f3 f6 24. Ng4 h5 25. Nf2 Bxf3 26. Ne4 Bxe4 27. Qe2
1-0

[Event "Fast Standard for New Members"]
[Site "SchemingMind.com"]
[Date "2006.09.02"]
[Round "-"]
[White "eg1950"]
[Black "Lee Shuck"]
[Result "1/2-1/2"]
[WhiteCountry "ENG"]
[BlackCountry "ENG"]
[WhiteElo "1437"]
[WhiteRD "184"]
[BlackElo "1298"]
[BlackRD "102"]
[GameID "66368"]

1. e4 g6 2. Nf3 Bg7 3. c3 d6 4. d4 Nf6 5. Bd3 O-O 6. Bg5 h6 7. e5 hxg5 8. exf6 Bxf6 9. Nbd2 Nc6 10. Ne4 Bg7
11. Nexg5=
1/2-1/2

[Event "Fast Standard for New Members"]
[Site "SchemingMind.com"]
[Date "2006.09.02"]
[Round "-"]
[White "Delf Groth"]
[Black "eg1950"]
[Result "1/2-1/2"]
[WhiteCountry "GER"]
[BlackCountry "ENG"]
[WhiteElo "1708"]
[WhiteRD "141"]
[BlackElo "1694"]
[BlackRD "108"]
[GameID "66369"]

1. g3 e5 2. Bg2 c6 3. c4 Nf6 4. Nc3 d5 5. cxd5 cxd5 6. Qb3 Nc6 7. Nxd5 Nxd5 8. Qxd5 Qxd5 9. Bxd5 Be6 10. Bg2 Bc5
11. Bxc6+ bxc6 12. Nf3 Bd5 13. O-O O-O 14. Ne1 f5 15. d3 Rab8 16. Ng2 f4 17. gxf4 Bxg2 18. Kxg2 exf4 19. e3 fxe3 20. fxe3 Rfe8
21. Rf3 Re7 22. b3 Rbe8 23. e4 Rd7 24. Bb2 Bd4 25. Bxd4 Rxd4 26. Rc1 Re6 27. Kf2=
1/2-1/2

[Event "Fast Standard for New Members"]
[Site "SchemingMind.com"]
[Date "2006.09.04"]
[Round "-"]
[White "nosran"]
[Black "eg1950"]
[Result "0-1"]
[WhiteCountry "PHI"]
[BlackCountry "ENG"]
[WhiteElo "1378"]
[WhiteRD "135"]
[BlackElo "1787"]
[BlackRD "94"]
[GameID "66370"]

1. d4 d5 2. e3 Nf6 3. Bd3 Nc6 4. c3 e5 5. dxe5 Nxe5 6. Bc2 g6 7. Nf3 Bg4 8. Nbd2 Bd6 9. h3 Bxf3 10. Nxf3 O-O
11. O-O c6 12. b4 Nc4 13. Bb3 Qc7 14. Qd3 Ne5 15. Nxe5 Bxe5 16. f4 Bd6 17. a4 Ne4 18. Bb2 f5 19. Qd4 Qg7 20. c4 Qxd4
21. Bxd4 Bxb4 22. Rfd1 Nd2 23. Ba2 Nxc4 24. Bxc4 dxc4 25. Rac1 b5 26. Rb1 a5 27. axb5 cxb5 28. Be5 Rfd8 29. Kf2 Rd2+ 30. Rxd2 Bxd2
31. Rxb5 c3 32. Rc5 a4 33. Bxc3 Bxc3 34. Rxc3 a3 35. Rc1 a2 36. Ra1 Kf7 37. Ke2 Ke6 38. g4 Kd5 39. Kd3 Ra3+ 40. Kd2 Ke4
41. gxf5 Kxf5 42. Ke2 Ke4 43. Kf2 Kd3 44. h4 Kc2
0-1

[Event "Fast Standard for New Members"]
[Site "SchemingMind.com"]
[Date "2006.09.02"]
[Round "-"]
[White "Lee Shuck"]
[Black "eg1950"]
[Result "1/2-1/2"]
[WhiteCountry "ENG"]
[BlackCountry "ENG"]
[WhiteElo "1298"]
[WhiteRD "102"]
[BlackElo "1437"]
[BlackRD "184"]
[GameID "66372"]

1. d4 d5 2. Be3 Nc6 3. g4 Bxg4 4. Bg2 e6 5. Nc3 Bb4 6. a3 Bxc3+ 7. bxc3 Nf6 8. h3 Bf5 9. Nf3 Be4 10. Qb1 b6
11. Qb5 Qd7 12. Ng1= Bxg2 13. Nf3=
1/2-1/2

[Event "Fast Standard for New Members"]
[Site "SchemingMind.com"]
[Date "2006.09.02"]
[Round "-"]
[White "chaxisgod"]
[Black "Delf Groth"]
[Result "0-1"]
[WhiteCountry "USA"]
[BlackCountry "GER"]
[WhiteElo "1605"]
[WhiteRD "180"]
[BlackElo "1625"]
[BlackRD "122"]
[GameID "66463"]

1. c4 e5 2. Nc3 Nf6 3. g3 Nc6 4. Bg2 Bb4 5. e3 Bxc3 6. bxc3 O-O 7. Nf3 d6 8. O-O Bg4 9. Qb3 Rb8 10. Bb2 Qd7
11. d4 Bh3 12. dxe5 Nxe5 13. Nxe5 dxe5 14. Rfd1 Qc8 15. Rd2 Bxg2 16. Kxg2 c5 17. Ba3 b6 18. Rad1 Qc7 19. Qb5 Rfd8 20. Rxd8+ Rxd8
21. Rxd8+ Qxd8 22. Qc6 h6 23. Qb7 Qd7 24. Qxd7 Nxd7 25. Kf3 f5
0-1

[Event "Fast Standard for New Members"]
[Site "SchemingMind.com"]
[Date "2006.09.02"]
[Round "-"]
[White "chaxisgod"]
[Black "nosran"]
[Result "0-1"]
[WhiteCountry "USA"]
[BlackCountry "PHI"]
[WhiteElo "1605"]
[WhiteRD "180"]
[BlackElo "1342"]
[BlackRD "127"]
[GameID "66464"]

1. d4 d5 2. c4 c6 3. Nf3 e6 4. Nc3 Nf6 5. Bg5 Be7 6. g3 O-O 7. Bg2 Nbd7 8. O-O h6 9. Bf4 a6 10. Re1 b5
11. c5 Nh5 12. Qd2 Nxf4 13. Qxf4 Nf6 14. Ne5 Bb7 15. e3 a5 16. a3 Nd7 17. Nxd7 Qxd7 18. h3 Bd8 19. e4 dxe4
0-1

[Event "Fast Standard for New Members"]
[Site "SchemingMind.com"]
[Date "2006.09.02"]
[Round "-"]
[White "chaxisgod"]
[Black "Lee Shuck"]
[Result "1-0"]
[WhiteCountry "USA"]
[BlackCountry "ENG"]
[WhiteElo "1849"]
[WhiteRD "183"]
[BlackElo "1298"]
[BlackRD "102"]
[GameID "66466"]

1. e4 e5 2. Nf3 f6 3. Nxe5 fxe5 4. Qh5+ g6 5. Qxe5+ Ne7 6. Qxh8 h5 7. Bc4 c5 8. d4 cxd4 9. Bh6 Ng8 10. Qxg8 Qe7
11. Qxg6+ Kd8 12. Bg5 Nc6 13. Bxe7+ Nxe7 14. Qf6 d5 15. Qxf8+
1-0

[Event "Fast Standard for New Members"]
[Site "SchemingMind.com"]
[Date "2006.09.02"]
[Round "-"]
[White "chaxisgod"]
[Black "eg1950"]
[Result "1-0"]
[WhiteCountry "USA"]
[BlackCountry "ENG"]
[WhiteElo "1849"]
[WhiteRD "183"]
[BlackElo "1437"]
[BlackRD "184"]
[GameID "66467"]

1. e4 e5 2. Nf3 Nc6 3. d4 d6 4. dxe5 Nxe5 5. Nxe5 dxe5 6. Qxd8+ Kxd8 7. Bc4 f6 8. Be3 Bd6 9. Nc3 Bb4 10. O-O-O+ Ke8
11. Nb5 Ke7 12. Nxc7
1-0

[Event "Fast Standard for New Members"]
[Site "SchemingMind.com"]
[Date "2006.09.03"]
[Round "-"]
[White "Delf Groth"]
[Black "chaxisgod"]
[Result "1-0"]
[WhiteCountry "GER"]
[BlackCountry "USA"]
[WhiteElo "1625"]
[WhiteRD "122"]
[BlackElo "1605"]
[BlackRD "180"]
[GameID "66468"]

1. e4 d6 2. d4 Nf6 3. Nc3 g6 4. Be3 Bg7 5. Qd2 h6 6. f3 c6 7. O-O-O b5 8. Bd3 Nbd7 9. g4 Nh7 10. h4 h5
11. Nge2 hxg4 12. fxg4 Ndf6 13. g5 Ng4 14. Rdf1 Nxe3 15. Qxe3 Qb6 16. Qf3 O-O 17. e5 dxe5 18. dxe5 Bxe5 19. Ne4 Bb7 20. h5 c5
21. Qh3 Bxe4 22. Bxe4 Nxg5 23. Qh4 Bf6 24. hxg6 Rad8 25. g7
1-0

[Event "Fast Standard for New Members"]
[Site "SchemingMind.com"]
[Date "2006.09.04"]
[Round "-"]
[White "nosran"]
[Black "chaxisgod"]
[Result "1-0"]
[WhiteCountry "PHI"]
[BlackCountry "USA"]
[WhiteElo "1342"]
[WhiteRD "127"]
[BlackElo "1605"]
[BlackRD "180"]
[GameID "66469"]

1. d4 d6 2. e3 Nf6 3. Bd3 g6 4. Nd2 Bg7 5. f4 O-O 6. Ngf3 b6 7. O-O Ba6 8. Nc4 c5 9. c3 Nc6 10. a3 b5
11. Ncd2 c4 12. Bc2 Bb7 13. e4 d5 14. e5 Ng4 15. Qe2 e6 16. Ng5 Nh6 17. Rf3 Re8 18. Nf1
1-0

[Event "Fast Standard for New Members"]
[Site "SchemingMind.com"]
[Date "2006.09.02"]
[Round "-"]
[White "Lee Shuck"]
[Black "chaxisgod"]
[Result "0-1"]
[WhiteCountry "ENG"]
[BlackCountry "USA"]
[WhiteElo "1298"]
[WhiteRD "102"]
[BlackElo "1849"]
[BlackRD "183"]
[GameID "66471"]

1. g3 e5 2. Bg2 d5 3. b4 Bxb4 4. Bb2 Nc6 5. Nf3 Nf6 6. Bxe5 Qe7 7. c3 Nxe5 8. Qa4+ Nc6 9. cxb4 O-O 10. Nc3 Bd7
11. O-O-O Nxb4 12. a3 Bxa4 13. Nxa4 Na6 14. Ng5 Qxa3+ 15. Nb2 Qa1+ 16. Kc2 Nb4+ 17. Kb3 Qa2+ 18. Kxb4 Qxb2+
0-1

[Event "Fast Standard for New Members"]
[Site "SchemingMind.com"]
[Date "2006.09.03"]
[Round "-"]
[White "eg1950"]
[Black "chaxisgod"]
[Result "1-0"]
[WhiteCountry "ENG"]
[BlackCountry "USA"]
[WhiteElo "1694"]
[WhiteRD "108"]
[BlackElo "1605"]
[BlackRD "171"]
[GameID "66472"]

1. e4 c5 2. Nf3 d6 3. Nc3 Nf6 4. Bc4 g6 5. d3 Bg7 6. Bg5 O-O 7. Qd2 Nc6 8. O-O Bg4 9. Qf4 Bxf3 10. Qxf3 Ne5
11. Qe2 Nxc4 12. dxc4 Qb6 13. Nd5 Nxd5 14. exd5 Qxb2 15. Rab1 Qxa2 16. Rxb7 Bf6 17. Bxf6 exf6 18. Re1
1-0

[Event "Fast Standard for New Members"]
[Site "SchemingMind.com"]
[Date "2006.09.03"]
[Round "-"]
[White "BANJANIN"]
[Black "Delf Groth"]
[Result "0-1"]
[WhiteCountry "INT"]
[BlackCountry "GER"]
[WhiteElo "1476"]
[WhiteRD "198"]
[BlackElo "1740"]
[BlackRD "174"]
[GameID "66554"]

1. d4 c5 2. dxc5 e5 3. Be3 Nf6 4. Nc3 Qa5 5. a3 Ne4 6. Qd3 Nxc5 7. Bxc5 Bxc5 8. Nf3 Nc6 9. e3 O-O 10. Be2 d6
11. O-O Qd8 12. Rad1 a5 13. Na4 Qe7 14. Nxc5 dxc5 15. Qc3 e4 16. Nd2 Bf5 17. Nb3 b6 18. Bb5 Ne5 19. Rd5 f6 20. Bc4 Nxc4
21. Rxf5 Qe6 22. Rh5 g6 23. Rh3 Rad8 24. f3 a4 25. Nc1 Nd2 26. Rd1 Nxf3+ 27. Kf2 Rxd1
0-1

[Event "Fast Standard for New Members"]
[Site "SchemingMind.com"]
[Date "2006.09.03"]
[Round "-"]
[White "BANJANIN"]
[Black "chaxisgod"]
[Result "1-0"]
[WhiteCountry "INT"]
[BlackCountry "USA"]
[WhiteElo "1464"]
[WhiteRD "157"]
[BlackElo "1605"]
[BlackRD "171"]
[GameID "66555"]

1. d4 d5 2. c4 e6 3. Nc3 c5 4. e3 Nf6 5. Nf3 Nc6 6. cxd5 exd5 7. Bb5 Qb6 8. dxc5 Qxc5 9. O-O Bd6 10. Re1 O-O
11. Bd2 Bg4 12. h3 Bxf3 13. Qxf3 Ne5 14. Qe2 a6 15. Ba4 Rac8 16. Rac1 Qc4 17. Qxc4 Rxc4 18. Bb3 Rc5 19. Bc2 Nc4 20. Na4 Nxd2
21. Nxc5 Bxc5 22. Bxh7+ Kxh7 23. Rxc5 Nde4 24. Rc7 Nd6 25. Rd1 Rc8 26. Rdc1 Rxc7 27. Rxc7 Kg6 28. Kf1 Kf5 29. Ke2 Nfe8 30. Rc5 Ke5
31. Kd3 Nf6 32. b3=
1-0

[Event "Fast Standard for New Members"]
[Site "SchemingMind.com"]
[Date "2006.09.03"]
[Round "-"]
[White "BANJANIN"]
[Black "nosran"]
[Result "0-1"]
[WhiteCountry "INT"]
[BlackCountry "PHI"]
[WhiteElo "1464"]
[WhiteRD "157"]
[BlackElo "1707"]
[BlackRD "192"]
[GameID "66556"]

1. d4 d5 2. c4 c6 3. cxd5 cxd5 4. Nc3 Nf6 5. Bg5 e6 6. Nf3 Be7 7. e3 O-O 8. Bd3 Nbd7 9. O-O a6 10. Qc2 b5
11. Ne5 Bb7 12. Nxd7 Qxd7 13. Bxf6 Bxf6 14. Bxh7+ Kh8 15. Bd3 Rac8 16. a3 g6 17. Rac1 Kg7 18. Rfe1 Rh8 19. g3 Rh6 20. Kg2 Rch8
21. Rh1 e5 22. Ne2 e4 23. Bxe4 Qh3+ 24. Kg1 dxe4 25. Nf4 Qg4 26. Qc7 Bc8 27. Qc6 Qf3 28. d5 Qxh1+ 29. Kxh1 Rxh2+
0-1

[Event "Fast Standard for New Members"]
[Site "SchemingMind.com"]
[Date "2006.09.03"]
[Round "-"]
[White "BANJANIN"]
[Black "Lee Shuck"]
[Result "1-0"]
[WhiteCountry "INT"]
[BlackCountry "ENG"]
[WhiteElo "1476"]
[WhiteRD "198"]
[BlackElo "1298"]
[BlackRD "102"]
[GameID "66558"]

1. d4 Nc6 2. Nf3 d5 3. c4 dxc4 4. Bf4 b5 5. e3 Bb7 6. Be2 Na5 7. Nc3 c6 8. O-O e6 9. Qc2 h6 10. e4 b4
11. Na4 g5 12. Be5 Rh7 13. Bxc4 Rc8 14. Nc5 g4 15. Nd2 h5 16. Ndb3 h4 17. Nxa5 Qxa5 18. Nxb7 Qb6 19. Nc5 h3 20. g3 Qd8
21. Qa4 f6 22. Nxe6 Qe7 23. Nxf8 Kxf8 24. Rac1 fxe5 25. dxe5 Qxe5 26. Qxb4+ Ne7 27. Bd3 c5 28. Qc4 Qxb2 29. e5 Qxe5 30. Bxh7 Kg7
31. Qe4 Qd6 32. Rfd1 Qh6 33. Rd7 Qxh7 34. Rxe7+
1-0

[Event "Fast Standard for New Members"]
[Site "SchemingMind.com"]
[Date "2006.09.03"]
[Round "-"]
[White "BANJANIN"]
[Black "eg1950"]
[Result "0-1"]
[WhiteCountry "INT"]
[BlackCountry "ENG"]
[WhiteElo "1497"]
[WhiteRD "127"]
[BlackElo "1751"]
[BlackRD "94"]
[GameID "66559"]

1. d4 d5 2. c4 dxc4 3. Nc3 Nf6 4. Bg5 h6 5. Bxf6 exf6 6. e3 Be6 7. Qa4+ Qd7 8. Qxd7+ Nxd7 9. Nf3 Bb4 10. O-O-O O-O
11. d5 Bg4 12. Bxc4 Bxf3 13. gxf3 Ne5 14. Be2 Rad8 15. f4 Bxc3 16. bxc3 Ng6 17. Kc2 Ne7 18. Bf3 Rd6 19. Kb2 Rfd8 20. c4 c6
21. dxc6 Nxc6 22. Rxd6 Rxd6 23. Rd1 Rxd1 24. Bxd1 Nb4 25. f3 f5 26. Kb3 Nc6 27. a4 Kf8 28. Bc2 g6 29. e4 Nd4+ 30. Kc3 Nxc2
31. Kxc2 fxe4 32. fxe4 Ke7 33. Kd3 Ke6 34. Kd4 f5 35. exf5+ Kxf5 36. Ke3 Kg4 37. Ke4 h5 38. a5 h4 39. c5 a6 40. Ke3 Kh3
41. Kf3 Kxh2 42. Kf2 Kh1= 43. Kf1 Kh2= 44. Kf2 h3 45. Kf1 Kg3
0-1

[Event "Fast Standard for New Members"]
[Site "SchemingMind.com"]
[Date "2006.09.03"]
[Round "-"]
[White "Delf Groth"]
[Black "BANJANIN"]
[Result "1-0"]
[WhiteCountry "GER"]
[BlackCountry "INT"]
[WhiteElo "1708"]
[WhiteRD "141"]
[BlackElo "1464"]
[BlackRD "157"]
[GameID "66560"]

1. e4 c5 2. Nc3 Nc6 3. g3 d6 4. Bg2 Bd7 5. f4 g6 6. Nh3 Bg7 7. O-O Qc8 8. f5 gxf5 9. d3 fxe4 10. Ng5 Nf6
11. Ncxe4 h6 12. Nxf6+ Bxf6 13. Rxf6 exf6 14. Ne4 Ke7 15. Bf4 Ne5 16. Qf1 f5 17. Nc3 f6 18. Re1 Kf7 19. Bd5+ Be6 20. Bxe5 dxe5
21. Qf3 Ke7 22. Bxb7 Qb8 23. Qc6 Kf7 24. Na4 Rd8 25. Bxa8 Qxa8 26. Qxa8 Rxa8 27. b3 Rc8 28. Nc3 a6 29. Kf2 Kg6 30. a4 Rd8
31. a5 Kg5 32. Na4 Rc8 33. Nb6 Rc6 34. Ra1 f4 35. Ra4 fxg3+ 36. hxg3 h5 37. Rh4= f5 38. Nc4 Bxc4 39. Rxc4 Kf6 40. b4 Ke7
41. bxc5 Kd7 42. c3 Rc8 43. d4 exd4 44. cxd4 Ke6 45. Ke3 Kd5 46. Rb4 Rc6 47. Rb6
1-0

[Event "Fast Standard for New Members"]
[Site "SchemingMind.com"]
[Date "2006.09.03"]
[Round "-"]
[White "chaxisgod"]
[Black "BANJANIN"]
[Result "1-0"]
[WhiteCountry "USA"]
[BlackCountry "INT"]
[WhiteElo "1849"]
[WhiteRD "183"]
[BlackElo "1476"]
[BlackRD "198"]
[GameID "66561"]

1. e4 c5 2. Nf3 d6 3. d4 cxd4 4. Nxd4 Nf6 5. Nc3 a6 6. Bg5 e6 7. f4 Qb6 8. Qd2 Qxb2 9. Rb1 Qa3 10. Bxf6 gxf6
11. Be2 Bg7 12. f5 e5 13. Nd5 Kd8 14. Rb3 Qxa2 15. Qc3 Nc6 16. Nxc6+ bxc6 17. Qxc6 Qa1+ 18. Kf2 Qd4+ 19. Kf3 Qa7 20. Qxd6+ Qd7
21. Qb6+ Ke8 22. Nc7+
1-0

[Event "Fast Standard for New Members"]
[Site "SchemingMind.com"]
[Date "2006.09.04"]
[Round "-"]
[White "nosran"]
[Black "BANJANIN"]
[Result "0-1"]
[WhiteCountry "PHI"]
[BlackCountry "INT"]
[WhiteElo "1411"]
[WhiteRD "143"]
[BlackElo "1497"]
[BlackRD "127"]
[GameID "66562"]

1. d4 Nf6 2. e3 g6 3. Bd3 Bg7 4. c4 O-O 5. Nc3 d6 6. e4 Nbd7 7. f3 c5 8. d5 Ne5 9. Nge2 e6 10. Bg5 Nxd3+
11. Kf1 Nxb2 12. Qc2 Nxc4 13. Kf2 exd5 14. Nxd5 Nb6 15. Nec3 Nbxd5 16. Nxd5 Be6 17. Rad1 Bxd5 18. Rxd5 c4 19. Qxc4 Qb6+ 20. Be3 Qd8
21. Rb5 b6 22. Rd1 Rc8 23. Qb3 Qe7 24. g4 Nd7 25. a4 Nc5 26. Qa3 Be5 27. Kg2 Qh4 28. Bg1 Ne6 29. Qa2 Nf4+ 30. Kh1 Rc7
31. a5 Rfc8 32. Rb2 Bxb2 33. Qxb2 Rc2 34. Qb5 Ne2
0-1

[Event "Fast Standard for New Members"]
[Site "SchemingMind.com"]
[Date "2006.09.03"]
[Round "-"]
[White "Lee Shuck"]
[Black "BANJANIN"]
[Result "0-1"]
[WhiteCountry "ENG"]
[BlackCountry "INT"]
[WhiteElo "1298"]
[WhiteRD "102"]
[BlackElo "1476"]
[BlackRD "198"]
[GameID "66564"]

1. g3 g6 2. Bg2 Bg7 3. Nc3 Nf6 4. b3 O-O 5. Ba3 d6 6. e4 Nbd7 7. Qf3 c6 8. O-O-O b6 9. h4 Bb7 10. Nge2 c5
11. Bh3 Re8 12. e5 Bxf3 13. Rhf1 Nxe5 14. d3 b5 15. b4 cxb4 16. Bxb4 a5 17. Ba3 b4 18. d4 Nc4 19. h5 bxc3 20. hxg6 fxg6
21. Be6+ Kf8 22. Bxc4 Bxe2 23. Bxe2 Qb6 24. Rd3 Nd5 25. Rf3+ Bf6 26. g4 Rab8 27. Rh1 Qb1#
0-1

[Event "Fast Standard for New Members"]
[Site "SchemingMind.com"]
[Date "2006.09.03"]
[Round "-"]
[White "eg1950"]
[Black "BANJANIN"]
[Result "1-0"]
[WhiteCountry "ENG"]
[BlackCountry "INT"]
[WhiteElo "1694"]
[WhiteRD "108"]
[BlackElo "1464"]
[BlackRD "157"]
[GameID "66565"]

1. e4 c5 2. Nf3 d6 3. Nc3 Nc6 4. Bb5 Bd7 5. d3 a6 6. Bxc6 Bxc6 7. Be3 Nf6 8. O-O g6 9. Qd2 Bg7 10. h3 O-O
11. Rfe1 Re8 12. Bh6 e5 13. Bxg7 Kxg7 14. Nh2 b5 15. a3 Rf8 16. Qe2 h5 17. Rf1 Nd7 18. f4 exf4 19. Rxf4 Ne5 20. Raf1 Bd7
21. Nd5 Be6 22. c3 Bxd5 23. exd5 Qe7 24. d4 cxd4 25. cxd4 Qa7 26. Kh1 Nd7 27. Qe7 Rae8 28. Rxf7+
1-0